Rumo à Lua (Registo nº 1782)
[ vista simples ]
| 000 -Etiqueta do registo | |
|---|---|
| Cabeçalho | 00685nam a22002531 4500 |
| 005 - Identificador da versão | |
| Campo de controlo | 20240827103107.0 |
| 010 ## - Número internacional normalizado dos livros (ISBN) | |
| Número (ISBN) | 8497890299 |
| 021 ## - Número do Depósito Legal | |
| Código do país | PT |
| Número | M-36569/2003 |
| 100 ## - Dados gerais de processamento | |
| Dados gerais de processamento | 20070508d2003 damy0pory5003 ba |
| 101 1# - Língua de publicação | |
| Língua do texto, banda sonora, etc. | Português |
| Língua do documento no original | Francês |
| 102 ## - Pais de publicação ou produção | |
| País de publicação | Portugal |
| 105 ## - Campo de dados codificados: livros | |
| Dados codificados dos livros | a t 000ay |
| 106 ## - Campo de dados codificados: material textual | |
| Dados codificados do material textual | r |
| 200 1# - Titulo e menção de responsabilidade | |
| Título próprio | Rumo à Lua |
| Primeira menção de responsabilidade | Hergé |
| 210 ## - Publicação, Distribuição, etc. | |
| Lugar da edição, distribuição, etc. | [Lisboa] |
| Nome do editor, distribuidor, etc. | Difusão Verbo |
| Data da publicação, distribuição, etc. | imp. 2003 |
| 215 ## - Descrição física | |
| Indicação específica da natureza do documento e extensão da espécie | 62 p. |
| Outras indicações físicas | todo il. |
| Dimensões | 30 cm |
| 225 2# - Colecção | |
| Título próprio da colecção | As aventuras de Tintin |
| Indicação de volume | 1 |
| 300 ## - Notas gerais | |
| Texto da nota | Vendido com o jornal Público |
| 606 ## - Nome comum usado como assunto | |
| Número de registo de entrada de autoridade | 0000226 |
| Palavra de ordem | Literatura estrangeira infanto-juvenil |
| Subdivisão de assunto | Banda desenhada |
| 675 ## - Classificação Decimal Universal (CDU) | |
| Notação | 82-9 |
| Edição | 2ª |
| Língua da edição | por |
| 700 #0 - Nome de autor-pessoa física (responsabilidade principal) | |
| Número de registo de entrada de autoridade | 0000294 |
| Palavra de ordem | Hergé |
| Elementos de identificação ou distinção | pseud. |
| 942 ## - Elementos de entrada adicionados (Koha) | |
| Tipo de item no Koha | Livro |
| Situação do levantamento | Origin of item (home branch) (coded) | Biblioteca de empréstimo | Código de barras | Cota | Circulation type (not for loan) | Tipo de documento | Nota do exemplar | Damaged status |
|---|---|---|---|---|---|---|---|---|
| Biblioteca Escolar da Coca Maravilhas | Biblioteca Escolar da Coca Maravilhas | BECM6246/03 | 8BD HER | Livro | Sem mensagem | |||
| Biblioteca Escolar da Coca Maravilhas | Biblioteca Escolar da Coca Maravilhas | BECM6289/03 | 8BD HER | Livro | Sem mensagem |
